| 000 | 01374cam a2200433 4500 | ||
|---|---|---|---|
| 003 | PE-LiUPU | ||
| 005 | 20250731173447.0 | ||
| 020 | _a8485873033 | ||
| 035 | _a(Sirsi) i9788485873036 | ||
| 035 | _a(Sirsi) 16155 | ||
| 035 | _a(Sirsi) 16155 | ||
| 041 | _aes | ||
| 044 | _aes | ||
| 082 | 0 | 4 |
_a200 _bJ 1982 |
| 100 | 1 | _aSan Martín Ascaso, Joaquin | |
| 245 | 1 | 4 |
_aLas Guerras de Josué: _bEstudio de Semiótica Narrativa / _cJoaquín San Martín Ascaso. |
| 264 | 1 |
_aValencia : _bArtes Gráficas Soler, S.A., _c1982 |
|
| 300 |
_a231 páginas ; _c24 cm. |
||
| 490 | 0 |
_aInstitución San Jerónimo _v14 |
|
| 505 | 0 | _aLa Conquista como problema Historico -- Datos Textuales -- Corolarios Hermeneuticos. | |
| 526 | _aSEG42 | ||
| 526 | _aSEG41 | ||
| 526 | _aSEG40 | ||
| 526 | _aSEG39 | ||
| 526 | _aP94 | ||
| 526 | _aP87 | ||
| 526 | _aP86 | ||
| 526 | _aP85 | ||
| 526 | _aP77 | ||
| 526 | _aP76 | ||
| 526 | _aP35 | ||
| 630 | 0 | 4 |
_aBiblia _pA.T. _pJosué _xCrítica textual. |
| 942 |
_2ddc _cBOOK |
||
| 949 |
_a200 J 1982 _i31676 _lPOSTGRADO _mBUL _tLIBRO _o.STAFF. Posgrado |
||
| 859 |
_q31676 _h200 _iJ 1982 |
||
| 596 | _a1 | ||
| 999 |
_a200 J 1982 _wDEWEY _c57105 _i31676 _f2021-11-9 _g5 _lCCODEBUL1 _mBUL _r0 _sY _tBOOK _u2015-6-16 _xTEOLOGIA _zUNKNOWN _0COMPRA _o.STAFF. Colección General _d57105 |
||
| 980 |
_81 _gALBERTO SANCHEZ Responsable de Automatización |
||